Archaeology by Picture - Statistics

General Stats
  • This quiz has been taken 568 times
  • The average score is 9 of 12
Answer Stats
Picture Answer % Correct
Chinese
97%
Greeks
97%
Romans
97%
Egyptians
95%
Incas
91%
Aztecs
89%
Maya
89%
Norse
58%
Babylonians
49%
Olmec
45%
Inuit
39%
Pueblo/ Hopi
32%
No matching quizzes found
Score Distribution
Percent of People with Each Score
Percentile by Number Answered
Your Score History
You have not taken this quiz